Nhà văn hiện thực đời sống và cá tính sáng tạo Tiểu luận-phê bình

Giới thiệu các bài phê bình lí luận tác giả, tác phẩm văn học tiêu biểu như Ma Văn Kháng với "Đồng bạc trắng xoè", "Vùng biên ải"..., Phan Tứ với những tiểu thuyết viết về chiến tranh, Nam Hà với vấn đề hiện thực và nhân vật trong "Đất miền đông".....

Mô tả đầy đủ

Đã lưu trong:
Chi tiết về thư mục
Tác giả chính: Trần Đăng Suyền
Định dạng: Sách
Ngôn ngữ:Vietnamese
Được phát hành: H. Văn học 2004
Phiên bản:In lần thứ ba
Những chủ đề:
Các nhãn: Thêm thẻ
Không có thẻ, Là người đầu tiên thẻ bản ghi này!
Thư viện lưu trữ: Mạng thư viện Đại học Đà Nẵng
LEADER 01504nam a2200361 4500
001 000004174
003 304
005 20121211001259.0
008 110715s2004 viesd
020 |c 33000đ 
041 0 |a vie 
082 |a 895.9224  |b TR-S 
100 0 |a Trần Đăng Suyền 
245 0 |a Nhà văn hiện thực đời sống và cá tính sáng tạo  |b Tiểu luận-phê bình  |c Trần Đăng Suyền 
250 |a In lần thứ ba 
260 |a H.  |b Văn học  |c 2004 
300 |a 322 tr  |c 21 cm 
520 |a Giới thiệu các bài phê bình lí luận tác giả, tác phẩm văn học tiêu biểu như Ma Văn Kháng với "Đồng bạc trắng xoè", "Vùng biên ải"..., Phan Tứ với những tiểu thuyết viết về chiến tranh, Nam Hà với vấn đề hiện thực và nhân vật trong "Đất miền đông".. 
653 |a Văn học Việt Nam 
653 |a Tác giả 
653 |a Tác phẩm 
653 |a Lịch sử và phê bình 
910 |a Nguyễn Thị Kim Oanh  |d 15/ 07/ 2011 
OWN |a LSP 
AVA |a UDN50  |b LSP  |d 895.9224 TR-S  |e check_holdings  |t Error 5003 Not defined in file expand_doc_bib_avail.  |h N  |k 1 
999 |a From the UDN01 
AVA |a UDN50  |b LSP  |d 895.9224 TR-S  |e available  |t Error 5001 Not defined in file expand_doc_bib_avail.  |f 15  |g 0  |h N  |i 0  |k 1 
TYP |a Monograph 
TYP |a Printed language 
980 |a Mạng thư viện Đại học Đà Nẵng